Three plays edited with an introduction and notes
Guardat en:
| Autor principal: | |
|---|---|
| Format: | Llibre |
| Idioma: | anglès |
| Publicat: |
Hill and Wang
1957
|
| Etiquetes: |
Afegir etiqueta
Sense etiquetes, Sigues el primer a etiquetar aquest registre!
|
MARC
| LEADER | 00000nam a22000007a 4500 | ||
|---|---|---|---|
| 008 | 210121b ||||| |||| 00| 0 eng d | ||
| 100 | |a DRIDEN, John | ||
| 245 | |a Three plays |b edited with an introduction and notes |c edited by George Saintsbury and John Driden | ||
| 250 | |c Saintsbury, G. and Driden J. | ||
| 260 | |b Hill and Wang |c 1957 |h New York |i 90866 |l PR3411 .Sa2 | ||
| 942 | |a lcc |c BK |e Adeyeye Y. S. |f 21/01/21 | ||
| 952 | |0 0 |1 0 |2 lcc |4 0 |6 PR3411 S A2 |7 0 |9 1348 |a HOL |b HOL |c LP |d 2021-01-21 |l 0 |o PR3411 .Sa2 |p 2021-0155 |r 2021-01-21 00:00:00 |w 2021-01-21 |y BK | ||
| 999 | |c 700 |d 700 | ||